000 00672nam a2200193Ia 4500
005 20250508152254.0
008 008 250505s9999 xx 000 0 hin d
037 _aBooks to be hide in OPAC
040 _aFEDL
_beng
_cFEDL
041 _ahin
_2hin
084 _a912.095 4, IND/O
_qFEDL
100 _aChetterji Shiv Prashad Ed.
_9761122
245 0 _aBharat rashtriya atlas: Prarambhik sanskaran
245 0 _cIndia, Government Of.... Ministry Of Education And Scientific Research
260 _aCalcutta, India
_bMinistry of Education And Scientific Research
_c1957
300 _a26p.
942 _cHB
_h912.095 4, IND/O
999 _c1335436
_d1335436